Thơ Việt Nam hiện đại ( Phê bình - Tiểu luận )

Đã lưu trong:
书目详细资料
主要作者: Phong Lê ...[et al.]
格式: 图书
语言:Undetermined
出版: H. Lao Động 2002
主题:
标签: 添加标签
没有标签, 成为第一个标记此记录!
Thư viện lưu trữ: Trung tâm Học liệu Trường Đại học Cần Thơ
LEADER 00563nam a2200193Ia 4500
001 CTU_55562
008 210402s9999 xx 000 0 und d
020 |b 64000 
082 |a 895.922109 
082 |b Th460 
100 |a Phong Lê ...[et al.] 
245 0 |a Thơ Việt Nam hiện đại ( Phê bình - Tiểu luận ) 
245 0 |c Phong Lê ...[et al.] 
260 |a H. 
260 |b Lao Động 
260 |c 2002 
650 |a vietnamese poetry 
650 |x history and criticism 
980 |a Trung tâm Học liệu Trường Đại học Cần Thơ